000 00637nam a2200229Ia 4500
003 OSt
005 20221007065110.0
006 a|||||r|||| 00| 0
007 ta
008 221006b |||||||| |||| 00| 0 eng d
024 _a28,377
037 _cReports / Technical Reports
040 _aFLL
_cFLL
_beng
041 _2eng
_aeng
082 _aZ73,8, N1
100 _aMeador Daniet John
_9686644
245 0 _aAmerican courts
260 _aDelhi
_bUniversal Book Traders India
_c1991
300 _avi,113p
_ccm.
942 _hZ73,8, N1
_cREP
_2CC
999 _c1136293
_d1136293